000 00967nam a2200253Ia 4500
999 _c5000
_d5000
003 OSt
005 20200420165827.0
008 191128s1994 ck abo gr 000 0dspa d
040 _aCO-JMCR
_cCO-JMCR
041 0 _aspa
082 0 4 _a303.6 /
_bR153m
100 1 _aRamírez del Valle, Bernardo,
_eautor
_93290
245 1 3 _aLa mojana: poblamiento, producción y conflicto social /
_cBernardo Ramírez del Valle, Edgar Rey Sinning
250 _aPrimera edición
260 _aCartagena :
_bCosta Norte,
_c1994
300 _a198 páginas :
_bIlustraciones en blanco y negro, fotografías, mapas ;
_c 23 cm.
500 _aIncluye biografía del los autores en las solapas.
504 _aBibliografía: páginas 184-187.
505 _aLa tierra del Mohan -- La tierra Fertil -- La tierra de nadie
650 1 4 _aLuchas sociales
_zColombia
_93291
650 2 4 _aGeografía y cultura
_xTierras
_93292
700 1 _aRey Sinning, Edgar,
_eautor
_93293
942 _2ddc
_cBK